| 000 | 00762nam a22002177a 4500 | ||
|---|---|---|---|
| 999 |
_c20122 _d20122 |
||
| 003 | AR-CdUCM | ||
| 008 | 190527b ||||| |||| 00| 0 spa d | ||
| 040 |
_aMUNICIPALIDAD PROVINCIAL DEL CUSCO _cBIBLIOTECA MUNICIPAL DEL CUSCO |
||
| 082 |
_a370.1523 / _bF28 |
||
| 100 |
_a Fayard, Marcelo I. _939772 |
||
| 245 | _aLa clave de la felicidad y la salud mental / | ||
| 260 |
_aBuenos Aires : _bCasa Edit. Sudamericana, _c1948. |
||
| 300 |
_a436 páginas _c23 cm _b. |
||
| 505 | _aContenido: El derecho y el deber de ser feliz -- ¿Que es la felicidad? -- Como se adquiere el habito de ser feliz... | ||
| 650 |
_aActitud _942084 |
||
| 650 |
_aLa vida _938343 |
||
| 650 |
_aSalud _98684 |
||
| 650 |
_aFelicidad _92982 |
||
| 942 |
_2ddc _cLIBROS |
||
| 945 | _aJavier | ||